|
|
|
|
| LEADER |
01216nam a2200325 a 4500 |
| 001 |
000368427 |
| 003 |
CZ BrMZK |
| 005 |
20230502102848.0 |
| 008 |
980115s1998 xr f cze d |
| 015 |
|
|
|a cnb000605731
|
| 020 |
|
|
|a 80-86066-03-7
|
| 035 |
|
|
|a (OCoLC)41831443
|
| 040 |
|
|
|a BOA001
|b cze
|
| 043 |
|
|
|a e-xr---
|b e-xr-li
|2 czenas
|
| 072 |
|
7 |
|a 59
|x Zoologie
|2 Konspekt
|9 2
|
| 080 |
|
|
|a 581.9
|2 MRF
|
| 080 |
|
|
|a (437.316)
|2 MRF
|
| 080 |
|
|
|a (082)
|2 MRF
|
| 245 |
0 |
0 |
|a Informační materiály pro účastníky floristického kurzu České botanické společnosti v České Lípě 5.-11. července 1998 /
|c Karel Kubát (red.).
|
| 260 |
|
|
|a Česká Lípa :
|b Česká botanická společnost,
|c 1998
|
| 300 |
|
|
|a 35 s. :
|b mapa ;
|c 21 cm
|
| 500 |
|
|
|a Náz. vzat z obalu
|
| 650 |
0 |
7 |
|a flóra
|7 ph114559
|z Česko
|2 czenas
|
| 651 |
|
7 |
|a Česká Lípa (Česko : oblast)
|7 ge131693
|2 czenas
|
| 655 |
|
7 |
|a sborníky
|7 fd163935
|2 czenas
|
| 700 |
1 |
|
|a Kubát, Karel,
|d 1941-
|7 xx0004322
|4 edt
|
| 710 |
1 |
|
|a Česká Lípa (Česko : okres).
|b Okresní úřad
|7 ko2002150234
|
| 910 |
|
|
|a BOA001
|b X-1051.564
|
| 990 |
|
|
|a BK
|
| 996 |
7 |
|
|b 2610080906
|c X-1051.564
|l MZK
|r Sklad / do 24 hodin
|n 3
|p p.v.
|w 000368427
|u 000010
|a 1
|e BOA001
|j MZK50
|s A
|